00971nam a2200265 i 4500003000400000005001700004008004100021020003900062040002500101082001800126090002200144100005600166245011400222264006000336300004300396336002100439337002500460338002300485504005000508650003000558650003800588700004900626942001100675999001900686OSt20260316124215.0260316s2025 my a gr 001 0 may d a9786297570808cRM 20.00qpaperback aPPAKbengcPPAKerda04223a616.8498200a616.84982bTENdG0 aTengku Mohd Saifuddin Tengku Kamarulbahri,eauthor.10aLENA :bHentikan Masa, Mimpikan Bahagia /cTengku Mohd Saifuddin ; Editor: Muhd Khairul Adhwa bin Abdul Halim 1aKajang, Selangor : bAras Mega (M) Sdn. Bhd., c[2025?] aix, 83 pages :billustrations ;c21 cm atext2rdacontent aunmediated2rdamedia avolume2rdacarrier aIncludes bibliographical references and index10aInsomnia, Sleep disorders20aInsomnia 2Alternative treatment 0 aMuhd Khairul Adhwa bin Abdul Halim,eeditor. 2ddccB c203448d203448